=LDR 00000nam 2200000 4500 =001 INLIS000000000033250 =005 20130612135221 =008 ***********************************ind** =035 ##$$0010-061300000033250 =041 ##$$a ind =082 ##$$a 346.092 2 =090 ##$$a 346.092 2, Sut,a =100 ##$$a Sutedi,Andrian =245 ##$$a Aspek Hukum Oblogasi danSukuk, Andrian Sutedi;Editor,Tarmizi =260 ##$$a 2009 $b Jakarta =300 ##$$a xii,266 hlm., 23 cm =650 ##$$a Hukum Obligasi =700 ##$$a Tarmizi =850 ##$$a NBPNMAT